| 000 | 00627cam a22002293a 4500 | ||
|---|---|---|---|
| 001 | 25196 | ||
| 003 | PGUSA | ||
| 005 | 20140828083537.0 | ||
| 008 | 080427s2008||||xxu|||||s|||||000 | eng d | ||
| 040 |
_aPGUSA _beng |
||
| 042 | _adc | ||
| 050 | 4 | _aCS | |
| 245 | 1 | 0 |
_a百家姓 _h[electronic resource] / _cAnonymous |
| 260 |
_bProject Gutenberg, _c2008 |
||
| 506 | _aPublic domain in the USA. | ||
| 516 | _aElectronic text | ||
| 653 | _aNames, Personal -- Chinese | ||
| 740 | 0 | _aBai Jia Xing Hundred Family Surnames | |
| 830 | 0 |
_aProject Gutenberg _v25196 |
|
| 856 | 4 | 0 | _uhttp://www.gutenberg.org/ebooks/25196 |
| 942 | _cEB | ||
| 999 |
_c254451 _d254451 |
||